000 02724nam a2200397 a 4500
001 0000212
003 DO-SdBNP
005 20180312110150.0
007 0000212
008 150130s 2014 dr ac 000 0 spa d
020 _a9789945118858 (v.1)
020 _a9789945118889 (v.2)
020 _a9789945118827 (v.3)
040 _aBPMSU
_bspa
_cBPMSU
092 _a372.7
_bS237m, 2do
100 1 _aSantos, Altagracia
245 1 0 _aMatemáticas 2 :
_beducación primaria /
_cAltagracia Santos; edición Andrés Molina Maloon
260 _aSanto Domingo :
_bSantillana,
_c2014.
300 _a3 v.
_bil., retrs.
_c28 cm. +
_eCD - ROOM
490 1 _aProyecto todos juntos
505 0 _tv. 1 - Libro; v. 2 - Guía didáctica; v. 3 - Cuaderno, fichas de actividades --
505 0 _gv. 1 :
_tMi nuevo curso --
_tCuido la naturaleza --
_tUn largo fin de semana --
_gProyecto 1: ¿Qué hacemos a favor de una ciudad sana? --
_tEn el huerto escolar --
_tUna tarde deliciosa --
_tUn día para jugar --
_tPasear por la ciudad --
_t¡Como estoy creciendo! --
_gProyecto 2: Construcción de un metro de cartulina --
_tComienza un nuevo día --
_tEn la kermesse --
_tEn la juguetería --
_t¡Llegan las vacaciones! --
_gProyecto 3: ¡Hagamos un portalápices! --
505 0 _gv. 2 :
_gGuía didáctica: recursos didácticos para el profesorado. --
_tUn proyecto bien fundamentado --
_tLas claves del proyecto --
_tEl proyecto todos juntos en el nuevo sistema curricular --
_tLos instrumentos del nuevo sistema curricular --
_tCompetencias e indicadores de logro para las matemáticas en el primer ciclo del nivel primario --
_tSecuencia de contenidos del primer ciclo del nivel primario --
_tMateriales para el estudiante --
_tMateriales para el docente --
_tEl texto escolar --
_tLos proyectos --
_tEl cuaderno de actividades --
_tLa guía didáctica --
_tEl libromedia --
_tMapa de contenidos --
505 0 _gv. 3 :
_gCuaderno: fichas de actividades --
_tMi nuevo curso --
_tCuido la naturaleza --
_tUn largo fin de semana --
_tEn el huerto escolar --
_tUna tarde deliciosa --
_tUn día para jugar --
_tPasear por la ciudad --
_t¡Cómo estoy creciendo!
_tComienza un nuevo día --
_tEn la kermese --
_tEn la juguetería --
_t¡Llegan las vacaciones! --
650 _aMATEMÁTICAS
_xENSEÑANZA BÁSICA
650 _aMATEMÁTICAS
_zLIBROS DE TEXTOS
650 4 _aEDUCACIÓN PRMARIA
_zREPÚBLICA DOMINICANA
650 4 _aMATEMÁTICAS
_xENSEÑANZA ELEMENTAL
650 4 _aMATEMÁTICAS
_xESTUDIOS Y EJERCICIOS
700 1 2 _aMolina Maloon, Andrés,
_eed.
830 0 _aProyecto todos juntos
910 _aValidado. Control de calidad MFF
942 _2ddc
_cBK
945 _aRemanejado para BNPHU / 2018 BT
956 _aYLOCKWARD
_b10
_c20150702
_lBND01
_h1429
999 _c9448
_d9448